000 00944cam a2200277 a 4500
999 _c13378
_d13376
001 36148
003 OSt
005 20190508135026.0
008 890427s1990 nyua b 001 0 eng
020 _a0070109052 :
_c$39.95
040 _aDLC
_cDDC
_dDLC
050 0 0 _aQA331.7
_b.C524 1990
082 0 0 _a515.9 / CHU
_220
100 1 _aChurchill, Ruel V.
_q(Ruel Vance),
_d1899-1987.
245 1 0 _aComplex variables and applications /
_cRuel V. Churchill, James Ward Brown.
250 _a5th ed.
260 _aNew York :
_bMcGraw-Hill,
_cc1990.
300 _axvi, 361 p. :
_bill. ;
_c25 cm.
440 0 _aChurchill-Brown series
500 _aIncludes index.
504 _aIncludes bibliographical references (p. 342-344).
650 0 _aFunctions of complex variables.
700 1 _aBrown, James Ward.
906 _a7
_bcbc
_corignew
_d1
_eocip
_f19
_gy-gencatlg
942 _2ddc
_cCIRC